| 000 | 00347nam a22001457a 4500 | ||
|---|---|---|---|
| 003 | OSt | ||
| 008 | 240401b |||||||| |||| 00| 0 eng d | ||
| 020 | _a9780062641540 | ||
| 100 | _aMANSON,Mark | ||
| 245 | _aThe Subtle Art of Not Giving A Fuck | ||
| 260 |
_aDelhi _bHerper One _c2016 |
||
| 300 | _avii,212 | ||
| 650 | _aGeneral | ||
| 942 |
_2ddc _cREF |
||
| 999 |
_c12352 _d12352 |
||